Eurovision 2025 Bilderquiz Teil 2 - Statistiken

Allgemein
  • Dieses Quiz wurde 34 mal gespielt
  • Das Durchschnittsergebnis liegt bei 11 aus 12
Antwortstatistiken
Bildquiz Antwort % Korrekt
Estland
100%
Italien
100%
Schweden
100%
Australien
96%
Großbritannien
93%
Malta
93%
Schweiz
93%
Belgien
86%
Ukraine
86%
Slowenien
82%
Montenegro
79%
Zypern
79%
Keine übereinstimmenden Quizze gefunden
Verteilung der Resultate
Anzahl Personen mit jedem Resultat
Perzentil nach korrekt beantworteten Fragen
Ihre Resultats-Entwicklung
Sie haben dieses Quiz noch nicht gespielt